Most Popular Boys Names in South Carolina - Statistics

General Stats
  • This quiz has been taken 72 times
  • The average score is 6 of 15
Answer Stats
Hint Answer % Correct
1982 John
78%
first appeared 1980 James
66%
1980 William
63%
1980 Michael
56%
1980 Christopher
42%
1980 Jason
42%
1984 Joshua
39%
1998 Jacob
33%
1985 Brandon
28%
1988 Justin
28%
2011 Aiden
22%
2012 Elijah
20%
2011 Mason
19%
1996 Austin
17%
2008 Jayden
17%
No matching quizzes found
Score Distribution
Percent of People with Each Score
Percentile by Number Answered
Your Score History
You have not taken this quiz